ბათუმის შოთა რუსთაველის სახელმწიფო უნივერსიტეტის ბიბლიოთეკა

Die deutsche Rechtschreibung : (ბიბ.ჩანაწერი № 61296)

000 -LEADER
fixed length control field 00884nam a22002057a 4500
005 - DATE AND TIME OF LATEST TRANSACTION
control field 20240130173102.0
008 - FIXED-LENGTH DATA ELEMENTS--GENERAL INFORMATION
fixed length control field 240130s2020gw xxu||||| |||| 00| 0 ger d
020 ## - INTERNATIONAL STANDARD BOOK NUMBER
International Standard Book Number 9783411040186 X
041 ## - LANGUAGE CODE
Language code of text/sound track or separate title ger
080 ## - UNIVERSAL DECIMAL CLASSIFICATION NUMBER
Universal Decimal Classification number 81'374.81+811.112(038) D-84
245 ## - TITLE STATEMENT
Title Die deutsche Rechtschreibung :
Remainder of title 28., völlig neu bearbeitete und erweiterte Auflage
264 ## - PRODUCTION, PUBLICATION, DISTRIBUTION, MANUFACTURE, AND COPYRIGHT NOTICE
Place of production, publication, distribution, manufacture Berlin:
Name of producer, publisher, distributor, manufacturer Dudenverlag,
Date of production, publication, distribution, manufacture, or copyright notice 2020.
300 ## - PHYSICAL DESCRIPTION
Extent 1294 Seiten;
Other physical details 20 cm.
653 ## - INDEX TERM--UNCONTROLLED
keyword Die deutsche Rechtschreibung
653 ## - INDEX TERM--UNCONTROLLED
keyword Deutsch Dictionaries
653 ## - INDEX TERM--UNCONTROLLED
keyword German language Orthography and spelling German language Orthography and spelling Dictionaries Rechtschreibung Wörterbuch
653 ## - INDEX TERM--UNCONTROLLED
keyword გერმანული ენის ორთოგრაფიული და მართლწერის ლექსიკონი
653 ## - INDEX TERM--UNCONTROLLED
keyword ლექსიკონი
942 ## - ADDED ENTRY ELEMENTS (KOHA)
Source of classification or shelving scheme
Koha item type წიგნი
ეგზემპლარები
Withdrawn status Lost status Source of classification or shelving scheme Damaged status Not for loan Permanent Location Current Location Shelving location Date acquired Cost, normal purchase price Full call number Barcode Date last seen Copy number Price effective from Koha item type Public note
          ბათუმის შოთა რუსთაველის სახელმწიფო უნივერსიტეტის მთავარი ბიბლიოთეკა ბათუმის შოთა რუსთაველის სახელმწიფო უნივერსიტეტის მთავარი ბიბლიოთეკა წიგნსაცავი 2024-01-30 181.00 81'374.81+811.112(038) D-84 67208 2024-01-30 67208 2024-01-30 წიგნი 181.00
          ბათუმის შოთა რუსთაველის სახელმწიფო უნივერსიტეტის მთავარი ბიბლიოთეკა ბათუმის შოთა რუსთაველის სახელმწიფო უნივერსიტეტის მთავარი ბიბლიოთეკა წიგნსაცავი 2024-01-30 181.00 81'374.81+811.112(038) D-84 67209 2024-01-30 67209 2024-01-30 წიგნი 181.00